000 00360pab a2200157 454500
008 180718b2013 xxu||||| |||| 00| 0 eng d
100 _aArunima, G.
245 _aEvery woman's right to say 'no'
260 _c2013
300 _ap.13-15.
362 _a17 Aug
650 _aWomen
773 _aEconomic and Political Weekly
908 _aN
909 _a99831
999 _c99830
_d99830